| 000 | 00538nam a2200169 a 4500 | ||
|---|---|---|---|
| 005 | 20140412111308.0 | ||
| 008 | 030415s19uu xx 00 eng d | ||
| 020 | _a0-7214-9509-5 | ||
| 050 |
_aER _bCo714 1991 |
||
| 100 | _aBradbury, Lynne | ||
| 245 |
_aColours and shapes / _cwritten by Lynne Bradbury ; illustrated by Lynn N Grundy. |
||
| 260 |
_aLeicestershire, UK : _bLadybird Books Ltd, _c1991. |
||
| 300 | _a1 v. (unp.) ; ill. | ||
| 650 | _aColors--Juvenile literature | ||
| 650 | _aShapes--Juvenile literature | ||
| 999 |
_c103783 _d103783 |
||